Landlords lose right to raid titles (Record no. 65804)

MARC details
000 -LEADER
fixed length control field 00885cam a2200217 4500
001 - CONTROL NUMBER
control field WB3703-20
008 - FIXED-LENGTH DATA ELEMENTS--GENERAL INFORMATION
fixed length control field 000000n2001 000 0 eng u
035 ## - SYSTEM CONTROL NUMBER
System control number (Sirsi) u110379
245 ## - TITLE STATEMENT
Title Landlords lose right to raid titles
260 ## - PUBLICATION, DISTRIBUTION, ETC.
Date of publication, distribution, etc. 2001
490 ## - SERIES STATEMENT
Series statement Scotsman
Volume/sequential designation 11 January 2001, 11(1)
520 ## - SUMMARY, ETC.
Summary, etc. Moves to change an ancient Scots law has won approval in the Scottish parliament. The area of Scottish leasehold law to change, stems from payments which should be made to landlords. The most contentious payments being based on rental values and found on long leases such as 999 years but which have not been enforced for years. This law affects approximately 1,500 leasehold titles.
590 ## - LOCAL NOTE (RLIN)
Local note WB
650 ## - SUBJECT ADDED ENTRY--TOPICAL TERM
Topical term or geographic name entry element SCOTLAND
650 ## - SUBJECT ADDED ENTRY--TOPICAL TERM
Topical term or geographic name entry element LEASEHOLD LAW
650 ## - SUBJECT ADDED ENTRY--TOPICAL TERM
Topical term or geographic name entry element FEUDAL SYSTEM
650 ## - SUBJECT ADDED ENTRY--TOPICAL TERM
Topical term or geographic name entry element RENTAL VALUES
650 ## - SUBJECT ADDED ENTRY--TOPICAL TERM
Topical term or geographic name entry element REFORM
690 ## - LOCAL SUBJECT ADDED ENTRY--TOPICAL TERM (OCLC, RLIN)
Topical term or geographic name as entry element PROPERTY
942 ## - ADDED ENTRY ELEMENTS (KOHA)
Suppress in OPAC 0
Holdings
Withdrawn status Lost status Source of classification or shelving scheme Damaged status Not for loan Home library Current library Shelving location Date acquired Total Checkouts Full call number Barcode Date last seen Copy number Price effective from Koha item type
    Dewey Decimal Classification     London London News article 16/01/2001   WB3703-20 110379-1001 06/08/2019 1 06/08/2019 News article